Jurisprudencia de las tercerías en el juicio ejecutivo
সংরক্ষণ করুন:
| বিন্যাস: | গ্রন্থ |
|---|---|
| ভাষা: | স্প্যানিশ |
| প্রকাশিত: |
Santiago
Thomson Reuters Puntolex
2010
|
| বিষয়গুলি: | |
| ট্যাগগুলো: |
ট্যাগ যুক্ত করুন
কোনো ট্যাগ নেই, প্রথমজন হিসাবে ট্যাগ করুন!
|
MARC
| LEADER | 00000nam a2200000 a 4500 | ||
|---|---|---|---|
| 001 | UCG3466 | ||
| 003 | CL-VaPUC | ||
| 008 | 100826e20100708CL |||||||||||||||||spa|d | ||
| 020 | |a 9789563370386 | ||
| 082 | 0 | 4 | |a 347.8307 |b JUR |2 21 |
| 245 | 1 | 0 | |a Jurisprudencia de las tercerías en el juicio ejecutivo |
| 300 | |a 261 p | ||
| 942 | |c BK | ||
| 945 | |d 20100826 00:00:00 |a mfarfan | ||
| 260 | |a Santiago |b Thomson Reuters Puntolex |c 2010 | ||
| 650 | 0 | |a Juicio ejecutivo |9 254866 | |
| 650 | 0 | |a Jurisprudencia |9 255952 | |
| 650 | 0 | |a Asistencia judicial |9 254864 | |
| 650 | 7 | |a TERCERIAS |2 CL-VaPUC |9 384956 | |
| 650 | 0 | |a Derecho procesal penal |9 255496 | |
| 583 | |a last modification |c 20100826 00:00:00 |k Rodrigo Vera | ||
| 999 | |c 342533 |d 342531 | ||
| 952 | |0 0 |1 0 |4 0 |6 347_830700000000000_JUR_2010 |7 0 |8 A |9 438769 |a BIBDER |b BIBDER |d 2019-11-22 |i 4707257 |o 347.8307 JUR 2010 |p 4707257 |r 2023-01-25 |w 2019-11-22 |y BK |k DER | ||